3 største byer i hver himmelretning i hvert nordisk land - Statistics

General Stats
  • This quiz has been taken 19 times
    8 since last reset
  • The average score is 19 of 35
Answer Stats
Hint Answer % Correct
267 k Bergen
100%
1,34 M Helsingfors
100%
325 k Malmö
100%
1,06 M Oslo
100%
242 k Reykjavik
100%
1,76 M Stockholm
100%
194 k Trondheim
100%
119 k Ålborg
86%
285 k Århus
86%
655 k Göteborg
86%
1,34 M København
86%
65,5 k Kristiansand
86%
231 k Stavanger
86%
118 k Fredrikstad
71%
180 k Odense
71%
47,2 k Helsingør
57%
49,1 k Luleå
57%
91,9 k Umeå
57%
283 k Åbo
43%
42,6 k Bodø
43%
45,6 k Haugesund
43%
353 k Tammerfors
43%
19,8 k Akureyri
29%
21,9 k Keflavik
29%
9,68 k Selfoss
29%
168 k Uppsala
29%
2,63 k Egilsstaðir
14%
2,74 k Ísafjörður
14%
131 k Jyväskylä
14%
20,5 k Kyrkslätt
14%
14,9 k Mariehamn
14%
44,3 k Næstved
14%
13,8 k Rønne
14%
35,9 k Uddevalla
14%
210 k Uleåborg
14%
No matching quizzes found
Score Distribution
Percent of People with Each Score
Percentile by Number Answered
Your Score History
You have not taken this quiz since the last reset